| 000 | 00533nam a22001697a 4500 | ||
|---|---|---|---|
| 008 | 230426b |||||||| |||| 00| 0 eng d | ||
| 020 | _a0-87933-230-1 | ||
| 040 |
_aNational Science Library _cNational Science Library |
||
| 080 |
_a528.71:622.1 _bL7 |
||
| 245 | _aRemote-sensing applications for mineral exploration | ||
| 260 |
_aPennsylvania: _bDowden Hutchingon & Ross Inc, _c1977 |
||
| 300 | _axiv, 391p. | ||
| 650 | _aRemote sensing | ||
| 653 | _aLandsat applications | ||
| 700 | _aSmith, William L (Ed.) | ||
| 942 |
_2udc _cBK |
||
| 999 |
_c23657 _d23657 |
||